| Tag |
First Indicator |
Second Indicator |
Subfields |
| LEADER |
00000cam a2200000 4500 |
| 001 |
in00000030486 |
| 005 |
20151007061619.0 |
| 008 |
720814s1962 nyua 00010 eng u |
| 010 |
|
|
|a 61011942
|
| 035 |
|
|
|a (OCoLC)00381876
|
| 035 |
|
|
|9 AAD2581AM
|
| 040 |
|
|
|c OUN
|d TXA
|d UtOrBLW
|
| 049 |
|
|
|a TXAM
|c [350362]
|
| 050 |
|
0 |
|a ML3561.J3
|b C428
|
| 082 |
0 |
|
|a 781.57
|
| 092 |
|
|
|a 781.57
|b C486j
|
| 100 |
1 |
|
|a Charters, Samuel,
|d 1929-2015.
|
| 245 |
1 |
0 |
|a Jazz; a history of the New York scene /
|c [by] Samuel B Charters and Leonard Kunstadt.
|
| 250 |
|
|
|a [1st ed.].
|
| 264 |
|
1 |
|a Garden City, N. Y. :
|b Doubleday,
|c 1962.
|
| 300 |
|
|
|a 382 pages :
|b illustrations ;
|c 24 cm.
|
| 336 |
|
|
|a text
|b txt
|2 rdacontent
|
| 337 |
|
|
|a unmediated
|b n
|2 rdamedia
|
| 338 |
|
|
|a volume
|b nc
|2 rdacarrier
|
| 650 |
|
0 |
|a Jazz.
|
| 650 |
|
0 |
|a Jazz musicians.
|
| 700 |
1 |
|
|a Kunstadt, Leonard.
|
| 999 |
|
|
|a MARS
|
| 999 |
f |
f |
|s b33b52bb-dcad-3b69-bdc2-104fb5ad0037
|i b609fa21-3153-318a-b46b-c85341a411ed
|t 0
|
| 952 |
f |
f |
|p ric
|a Texas A&M University
|b Rellis Campus
|c Joint Library Facility
|d Remote Storage
|t 0
|e ML3561.J3 C428
|h Library of Congress classification
|i unmediated -- volume
|m A14801169757
|
| 998 |
f |
f |
|a ML3561.J3 C428
|t 0
|l Remote Storage
|